| 000 | 01713nam a2200409 i 4500 | ||
|---|---|---|---|
| 001 | 193593 | ||
| 003 | ES-MaACL | ||
| 005 | 20240903062956.0 | ||
| 007 | ta | ||
| 008 | 240117b1997 sp ||||| |||| 00| 0 spa d | ||
| 017 |
_aVA 71-1997 _bOficina Depósito Legal Valladolid |
||
| 020 | _a848502267X | ||
| 040 |
_bspa _cES-MaACL |
||
| 080 | _a946.025.1 Montánchez | ||
| 080 | _a946.025.3 Fregenal | ||
| 080 | _a929:24 Asunción Galán de San Cayetano | ||
| 100 | 1 |
_922070 _aAparicio López, Teófilo _eaut |
|
| 245 |
_aSor Asunción Galán de San Cayetano / _cTeófilo Aparicio López |
||
| 264 |
_aValladolid : _bSever Cuesta, _c1997 |
||
| 300 |
_a157 páginas, [16] páginas de láminas (color) : _bilustraciones (blanco y negro) ; _c21 cm |
||
| 336 |
_2rdacontent _aTexto |
||
| 337 |
_2rdamedia _asin mediación |
||
| 338 |
_2rdacarrier _avolumen |
||
| 500 | _aÍndice | ||
| 520 | _aLa noble y leal villa de Montánchez ; Fregenal, histórica villa de Extremadura ; Sor Asunción Galán de San Cayetano ; Pensamiento espiritual de Sor Asunción (selección de textos) | ||
| 600 | 0 |
_9234900 _aAsunción Galán de San Cayetano |
|
| 651 | 7 |
_9160884 _aMontánchez- _xHistoria |
|
| 651 | 0 |
_9234901 _aFregenal de la Sierra- _xHistoria |
|
| 852 |
_aES-MaACL _bR. 154938 _cDEPOJ _jN-9599 _hDonación: José Lázaro García _9201055 _xEncuadernación rústica con solapas |
||
| 903 |
_9234219 _aLázaro García, José _ednr |
||
| 942 |
_n0 _cMONOGRAFIA |
||
| 999 |
_c193593 _d193593 |
||